[Event "FIN-ch"]
[Site "Pori"]
[Date "1986.??.??"]
[Round "?"]
[White "Maki, Veijo"]
[Black "Ebeling, Mika"]
[Result "1/2-1/2"]
[WhiteElo "2360"]
[BlackElo "2275"]

1.d4 Nf6 2.c4 e6 3.Nf3 b6 4.Nc3 Bb4 5.Bg5 h6 6.Bh4 Bxc3+ 7.bxc3 Bb7 8.e3 Qe7
9.Bd3 d6 10.O-O Nbd7 11.Nd2 g5 12.Bg3 h5 13.f3 h4 14.Bf2 g4 15.fxg4 h3 16.gxh3 O-O-O
17.Bg3 Rxh3 18.e4 Rg8 19.Kg2 Rh6 20.h3 Rhg6 21.Rf3 Nxg4 22.hxg4 Rxg4 23.Nf1 f5
24.exf5 Qg5 25.Kf2 e5 26.Bc2 e4 27.Re3 Rf4+ 28.Bxf4 Qxf4+ 29.Ke1 Rg2 30.Re2 Rg1
31.Rf2 Qe3+ 32.Re2 Qf4 33.Rf2 Qe3+  1/2-1/2

[Event "Poznan"]
[Site "Poznan"]
[Date "1986.??.??"]
[Round "2"]
[White "Nowak, Ignacy"]
[Black "Sarwinski, Miroslaw"]
[Result "1/2-1/2"]
[WhiteElo "2420"]
[BlackElo "2410"]

1.d4 Nf6 2.Nf3 e6 3.c4 b6 4.Nc3 d5 5.Bg5 Be7 6.e3 O-O 7.Rc1 h6 8.Bxf6 Bxf6
9.cxd5 exd5 10.b4 c6 11.Qb3 Be6 12.Be2 a5 13.a3 axb4 14.axb4 b5 15.O-O Qd6
16.Ne1 Na6 17.Nd3 Bf5 18.Na2 Bxd3 19.Bxd3 Be7 20.Rc2 Rfc8 21.Rfc1 Nxb4 22.Nxb4 Qxb4
23.Qxb4 Bxb4 24.Rxc6 Rxc6 25.Rxc6 Ra1+ 26.Bf1 Kf8 27.Rb6 Be1 28.Rb8+ Ke7
29.Bxb5 Ra2 30.Re8+ Kd6 31.f4 Rb2 32.Rd8+ Kc7 33.Rxd5 Bf2+ 34.Kf1 Bxe3 35.Rd7+  1/2-1/2

[Event "Poznan"]
[Site "Poznan"]
[Date "1986.??.??"]
[Round "4"]
[White "Stempin, Pawel"]
[Black "Sarwinski, Miroslaw"]
[Result "1-0"]
[WhiteElo "2400"]
[BlackElo "2410"]

1.d4 Nf6 2.Nf3 e6 3.c4 b6 4.Nc3 d5 5.Bg5 Be7 6.e3 O-O 7.Qc2 Bb7 8.Bxf6 Bxf6
9.cxd5 exd5 10.Bd3 h6 11.O-O-O c5 12.dxc5 bxc5 13.Nxd5 Bxd5 14.Bc4 Nc6 15.Rxd5 Qb6
16.Rd6 Qc7 17.Rxf6 gxf6 18.Qg6+ Kh8 19.Qxh6+ Kg8 20.Qg6+ Kh8 21.Qxf6+ Kg8
22.Qg6+  1-0

[Event "CSR-ch"]
[Site "Prague"]
[Date "1986.??.??"]
[Round "3"]
[White "Lechtynsky, Jiri"]
[Black "Nun, Jiri"]
[Result "1/2-1/2"]
[WhiteElo "2445"]
[BlackElo "2405"]

1.Nf3 Nf6 2.c4 e6 3.Nc3 b6 4.d4 Bb7 5.Bg5 Be7 6.e3 O-O 7.Bd3 d5 8.O-O dxc4
9.Bxc4 Nbd7 10.Qe2 Ne4 11.Nxe4 Bxe4 12.Bf4 Bd6 13.Ne5 Bxe5 14.dxe5 Qe7 15.Rad1 Rfd8
16.Rd4 Bg6 17.Bg3 f6 18.f4 Kh8 19.Bh4 Nc5 20.Rfd1 Rxd4 21.exd4 Nd7 22.Qf3 Rf8
23.Qc6 Bh5 24.Rf1 g5 25.Qxe6 Qxe6 26.Bxe6 Nxe5 27.fxe5 gxh4 28.exf6 c6 29.Rf4 Bf7
30.Bxf7 Rxf7 31.Kf2 Kg8 32.Kf3 c5 33.dxc5 bxc5 34.Kg4 Rd7 35.Kxh4 Rd2 36.Kh3 Rxb2
37.Ra4 Rb7 38.Kg4 Rb4+ 39.Rxb4 cxb4 40.Kf5 Kf7 41.Ke5 a5 42.Kd4 a4 43.Kc4 b3
44.axb3 axb3 45.Kxb3 Kxf6 46.Kc4 Ke5 47.Kd3 Kf4 48.Kd4 h5 49.Kd3 h4 50.Kd4 h3
51.g3+ Kf3 52.Kd3 Kg2 53.Ke2 Kxh2 54.Kf2 Kh1 55.g4 h2 56.Kf1  1/2-1/2

[Event "Quebec"]
[Site "Quebec"]
[Date "1986.??.??"]
[Round "2"]
[White "Levtchouk, George"]
[Black "Spraggett, Kevin"]
[Result "1/2-1/2"]
[WhiteElo "2280"]
[BlackElo "2535"]

1.d4 Nf6 2.c4 e6 3.Nf3 b6 4.Nc3 Bb7 5.a3 g6 6.Qc2 Bg7 7.e4 O-O 8.Be2 d6 9.O-O Nbd7
10.Re1 h6 11.Bf1 Nh7 12.d5 Qe7 13.Be3 Rfc8 14.Rad1 a6 15.g3 Rf8 16.Qd2 h5
17.Bh6 Bxh6 18.Qxh6 e5 19.b4 Bc8 20.Rc1 Ndf6 21.h3 Bd7 22.Qe3 a5 23.c5 axb4
24.axb4 bxc5 25.bxc5 Rfb8 26.c6 Bc8 27.Ra1  1/2-1/2

[Event "Reykjavik op"]
[Site "Reykjavik"]
[Date "1986.??.??"]
[Round "1"]
[White "Halldorsson, Gudmundur"]
[Black "Reshevsky, Samuel Herman"]
[Result "1-0"]
[WhiteElo "2270"]
[BlackElo "2485"]

1.d4 Nf6 2.Nf3 e6 3.c4 b6 4.Nc3 Bb7 5.Bg5 Be7 6.e3 O-O 7.Bd3 h6 8.Bh4 c5
9.O-O d6 10.Qe2 Nbd7 11.Rfd1 Rc8 12.Rac1 a6 13.Bb1 cxd4 14.exd4 Nh5 15.Bxe7 Qxe7
16.Be4 Ndf6 17.Bxb7 Qxb7 18.b3 d5 19.Ne5 dxc4 20.bxc4 Nf4 21.Qf1 Ne4 22.g3 Nxc3
23.Rxc3 Nd5 24.Rb3 Ne7 25.c5 b5 26.Nc4 Nf5 27.Ne3 Nxe3 28.fxe3 Rfd8 29.Rbd3 Qd5
30.Qg2 Qc4 31.Qd2 b4 32.Rc1 Qb5 33.Qe2 e5 34.Qf1 a5 35.Rd2 Qc6 36.Qg2 Rd5
37.Rf1 exd4 38.exd4 Qd7 39.Rfd1 Re8 40.Qf3 Re6 41.Qd3 h5 42.Rf2 h4 43.Rf4 hxg3
44.hxg3 Rh6 45.Qf3 Rc6 46.Rf1 f6 47.Kg2 Re6 48.Rd1 a4 49.Re4 Rxe4 50.Qxe4 Kf7
51.Rd3 Qe6 52.Kf3 f5 53.Qxe6+ Kxe6 54.Ke2 Rd8 55.Re3+ Kd5 56.Kd3 Rb8 57.Re5+ Kc6
58.Kc4 b3 59.d5+ Kc7 60.axb3 axb3 61.d6+ Kc6 62.Re7 Rc8 63.Kxb3 Kd5 64.Rc7 Rb8+
65.Kc3 g5 66.d7 Rd8  1-0

[Event "Sarajevo"]
[Site "Sarajevo"]
[Date "1986.??.??"]
[Round "6"]
[White "Petrosian, Arshak B"]
[Black "Psakhis, Lev"]
[Result "1/2-1/2"]
[WhiteElo "2495"]
[BlackElo "2555"]

1.Nf3 Nf6 2.d4 e6 3.c4 b6 4.Nc3 Bb4 5.Qb3 c5 6.a3 Ba5 7.Bf4 Bb7 8.dxc5 Na6
9.c6 Bxc6 10.Qc2 Bxc3+ 11.Qxc3 Nc5 12.Nd4 Rc8  1/2-1/2

[Event "URS-ch sf"]
[Site "Sevastopol"]
[Date "1986.??.??"]
[Round "?"]
[White "Efimov, Igor"]
[Black "Rozentalis, Eduardas"]
[Result "0-1"]
[WhiteElo "2435"]
[BlackElo "2465"]

1.d4 Nf6 2.c4 e6 3.Nf3 b6 4.Nc3 Bb7 5.Bg5 Bb4 6.Qb3 Bxc3+ 7.bxc3 h6 8.Bh4 d6
9.c5 Nbd7 10.cxd6 cxd6 11.e3 g5 12.Bg3 Ne4 13.Nd2 Nxg3 14.hxg3 Qc7 15.a4 Rc8
16.Rc1 Nf6 17.f3 g4 18.Bb5+ Kf8 19.e4 Kg7 20.Bd3 e5 21.Ke2 d5 22.dxe5 Qxe5
23.f4 Qc7 24.e5 Ne4 25.Bxe4 dxe4 26.c4 Rhd8 27.Rc3 Qc5 28.Nf1 Rd3 29.Rh4 Rcd8
30.Rxg4+ Kh7 31.Qb2 Qg1 32.Rxd3 exd3+ 33.Kd2 Qxf1 34.Kc3 Qe2  0-1

[Event "Smolensk"]
[Site "Smolensk"]
[Date "1986.??.??"]
[Round "?"]
[White "Kharitonov, Andrei Y"]
[Black "Sherbakov, Vitaly S"]
[Result "1-0"]
[WhiteElo "2460"]
[BlackElo "2250"]

1.d4 Nf6 2.c4 e6 3.Nf3 b6 4.Nc3 Bb4 5.e3 Bb7 6.Bd3 Ne4 7.O-O Bxc3 8.bxc3 O-O
9.Ne1 f5 10.f3 Nf6 11.Nc2 Nc6 12.e4 fxe4 13.fxe4 d6 14.Bg5 h6 15.Bh4 Qe7
16.Ne3 g5 17.Bg3 e5 18.Nf5 Qh7 19.c5 Rad8 20.cxd6 cxd6 21.Qe2 Bc8 22.Bc4+ d5
23.exd5 Nxd5 24.Bxd5+ Rxd5 25.Qc4 Rd8 26.Ne3  1-0

[Event "BCF-ch"]
[Site "Southampton"]
[Date "1986.??.??"]
[Round "2"]
[White "Conquest, Stuart"]
[Black "Emms, John M"]
[Result "1/2-1/2"]
[WhiteElo "2430"]
[BlackElo "2305"]

1.d4 Nf6 2.c4 e6 3.Nf3 b6 4.Nc3 Bb4 5.Bg5 Bb7 6.e3 h6 7.Bh4 g5 8.Bg3 Ne4
9.Qc2 Bxc3+ 10.bxc3 Nxg3 11.fxg3 g4 12.Nh4 Qg5 13.Qd2 Nc6 14.Bd3 O-O-O 15.O-O f5
16.a4 Na5 17.Rab1 Kb8 18.c5 d5 19.cxd6 Rxd6 20.Qe2 Rhd8 21.e4 fxe4 22.Bxe4 Bxe4
23.Qxe4 Nc4 24.Qe2 Qe3+ 25.Qxe3 Nxe3 26.Rfe1 Nd5 27.Rb3 Rc6 28.Rc1 Ne7 29.Rf1 Nd5
30.Rc1 Ne7  1/2-1/2

[Event "NOR-ch"]
[Site "Steinkjer"]
[Date "1986.??.??"]
[Round "?"]
[White "Gausel, Einar"]
[Black "Bjerke, Richard"]
[Result "1/2-1/2"]
[WhiteElo "2315"]
[BlackElo "2280"]

1.d4 Nf6 2.c4 e6 3.Nf3 b6 4.Nc3 Bb4 5.Qc2 Bb7 6.a3 Bxc3+ 7.Qxc3 O-O 8.b4 Ne4
9.Qc2 d6 10.e3 f5 11.Bb2 Nd7 12.Bd3 c5 13.O-O Qc7 14.Nd2 Nxd2  1/2-1/2

[Event "Tallinn (Women)"]
[Site "Tallinn"]
[Date "1986.??.??"]
[Round "12"]
[White "Piarnpuu, Leili"]
[Black "Tsiganova, Monika"]
[Result "0-1"]
[WhiteElo "2120"]
[BlackElo "1985"]

1.d4 Nf6 2.Nf3 e6 3.c4 b6 4.Nc3 Bb4 5.Qb3 c5 6.a3 Ba5 7.Bf4 Nc6 8.e3 cxd4
9.exd4 d5 10.Rd1 O-O 11.Bd3 Bb7 12.c5 Ne4 13.Bd2 Nxd2 14.Rxd2 Qe7 15.Qc2 bxc5
16.dxc5 Bxc3 17.Qxc3 e5 18.Be2 Rad8 19.O-O d4 20.Qc4 Qf6 21.Rfd1 Ne7 22.b4 Nd5
23.Rc1 Nc3 24.b5 Bd5 25.Qb4 Nxe2+ 26.Rxe2 Bxf3 27.gxf3 Qg5+ 28.Kf1 Qxc1+
29.Re1 Qf4 30.c6 Qxh2 31.Rd1 Qh1+ 32.Ke2 d3+ 33.Rxd3 Rxd3 34.Kxd3 Qxf3+ 35.Kc2 Qxf2+
36.Kb3 Qe3+ 37.Qc3 Qxc3+ 38.Kxc3 h5 39.Kd3 h4 40.Ke4 h3 41.Kf3 e4+  0-1

[Event "Tirnavia-B"]
[Site "Trnava"]
[Date "1986.??.??"]
[Round "8"]
[White "Ksieski, Zbigniew"]
[Black "Jurek, Josef"]
[Result "0-1"]
[WhiteElo "2385"]
[BlackElo "2355"]

1.Nf3 Nf6 2.c4 b6 3.d4 e6 4.Nc3 Bb7 5.Bg5 Be7 6.Qc2 c5 7.Bxf6 Bxf6 8.d5 exd5
9.cxd5 O-O 10.e4 Re8 11.O-O-O d6 12.Bb5 Re7 13.g4 a6 14.Be2 g6 15.g5 Bg7
16.e5 dxe5 17.Ne4 Rd7 18.Nfd2 Rxd5 19.Bf3 Nc6 20.Nf6+ Bxf6 21.Bxd5 Qxd5 22.gxf6 Nd4
23.Qa4 b5 24.Qa3 Qe6 25.Rhe1 Qf5 26.Ne4 Bxe4 27.Qg3 Bd5 28.Qd3 Qxf6 29.Re3 Bxa2
30.Qe4 Rd8 31.Qxe5 Qxf2  0-1

[Event "Vienna op"]
[Site "Vienna"]
[Date "1986.??.??"]
[Round "?"]
[White "Schussler, Harry"]
[Black "Chandler, Murray G"]
[Result "0-1"]
[WhiteElo "2455"]
[BlackElo "2535"]

1.d4 Nf6 2.c4 e6 3.Nf3 b6 4.Nc3 Bb7 5.a3 d5 6.cxd5 exd5 7.g3 Be7 8.Bg2 O-O
9.O-O c5 10.Bf4 Na6 11.Qb3 Ne4 12.Rac1 c4 13.Qc2 Nxc3 14.Qxc3 b5 15.Nd2 Bf6
16.b3 Nc5 17.bxc4 dxc4 18.Bxb7 Nxb7 19.Qb4 Qa5 20.Rb1 Qxb4 21.Rxb4 a6 22.Nxc4 Rad8
23.Ne5 Na5 24.a4 Be7 25.Rb2 f6 26.Nf3 Nc4 27.Rc2 g5 28.Bc1 g4 29.Nh4 Rxd4
30.Nf5 Rd7 31.Nh6+ Kg7 32.Nxg4 Rfd8 33.axb5 axb5 34.Kg2 Bc5 35.Bf4 h5 36.Ne3 Bxe3
37.Bxe3 Nxe3+ 38.fxe3 Rd5 39.Rc7+ Kg6 40.Rc6 R8d6 41.Rxd6 Rxd6 42.Rb1 Rb6
43.Rb4 Kf5 44.Kf2 Ke5 45.Ke1 Kd5 46.Kd2 Kc5 47.Rh4 b4 48.Rxh5+ Kc4 49.Kc2 Re6
50.Rh4+ Kb5 51.e4 Ka4 52.Kb2 Rc6 53.Rh6 b3 54.Kb1 Ka3 55.e5 b2  0-1

[Event "Aarhus-A"]
[Site "Aarhus"]
[Date "1987.??.??"]
[Round "4"]
[White "Jakobsen, Peter"]
[Black "Hansen, J."]
[Result "1-0"]
[WhiteElo "2200"]
[BlackElo "2200"]

1.d4 Nf6 2.c4 e6 3.Nf3 b6 4.Nc3 Bb4 5.Bg5 h6 6.Bh4 Bxc3+ 7.bxc3 Bb7 8.Nd2 g5
9.Bg3 d6 10.f3 Qe7 11.e4 Nbd7 12.a4 a5 13.c5 bxc5 14.Bb5 Kf8 15.Rb1 Ra7 16.h4 Kg7
17.Nb3 cxd4 18.cxd4 c6 19.Bf1 Rb8 20.hxg5 hxg5 21.Qd2 Ng8 22.Bxd6 Qxd6 23.Qxg5+ Kf8
24.Rh8 Ke8 25.Rxg8+ Nf8 26.Nc5 Bc8 27.Rxb8 Qxb8 28.Qg7 Qd6 29.e5 Qe7 30.Ne4 Qb4+
31.Kf2 Qxd4+ 32.Kg3  1-0

[Event "Altensteig"]
[Site "Altensteig"]
[Date "1987.??.??"]
[Round "?"]
[White "Ftacnik, Lubomir"]
[Black "Farago, Ivan"]
[Result "1-0"]
[WhiteElo "2545"]
[BlackElo "2535"]

1.d4 Nf6 2.Nf3 e6 3.c4 b6 4.Nc3 Bb7 5.a3 d5 6.cxd5 Nxd5 7.Qc2 Nxc3 8.Qxc3 h6
9.Bf4 Bd6 10.Bg3 O-O 11.e3 Nd7 12.Bb5 Bxg3 13.hxg3 c5 14.Rd1 Qe7 15.Bxd7 Bxf3
16.gxf3 Qxd7 17.dxc5 Qc6 18.e4 bxc5 19.Rh5 Rfc8 20.b4 f5 21.bxc5 fxe4 22.Qe5 exf3
23.Rd6 Qe8 24.Rxe6 Qf7 25.Rexh6 gxh6 26.Rxh6 Qe8 27.Re6 Rab8 28.Qg5+ Kf8
29.Qf4+ Qf7 30.Rf6 Re8+ 31.Kd1 Rbd8+ 32.Kc2 Rd7 33.c6 Rc8 34.Qxf3 Rcc7 35.Kc3 Re7
36.Kd4 Ke8 37.Rxf7 Rxf7 38.Qe4+ Rce7 39.Qg6 Rc7 40.Kd5 Re7  1-0

[Event "AUT-ch"]
[Site "Austria"]
[Date "1987.??.??"]
[Round "7"]
[White "Eisterer, Heinrich"]
[Black "Titz, Heimo"]
[Result "1/2-1/2"]
[WhiteElo "2340"]
[BlackElo "2290"]

1.d4 Nf6 2.c4 e6 3.Nf3 b6 4.Nc3 Bb4 5.e3 Bb7 6.Bd3 O-O 7.O-O d5 8.a3 Bxc3
9.bxc3 Nbd7 10.cxd5 exd5 11.g3 Ne4 12.Bb2 c5 13.Nh4 cxd4 14.cxd4 Ndf6 15.Ng2 Rc8
16.Nf4 Qd7 17.a4 Nd6 18.Ba3 Rfe8 19.Bxd6 Qxd6 20.a5 Rb8 21.axb6 axb6 22.Rb1 Bc6
23.Qb3 g5 24.Ne2 Qe6 25.Qc2 Bd7 26.Kh1 Qh3 27.Ng1 Qe6 28.Bb5 Rec8 29.Qd3 Ne4
30.Bxd7 Qxd7 31.Kg2 b5 32.Nf3 f6 33.Nd2 Nxd2 34.Qxd2 Rc4 35.Rb2 Rb6 36.Qa5 Qb7
37.Rb4 Qc6 38.Ra1 Kg7 39.Rab1 Rxb4 40.Qxb4 Kf7 41.Qb3 Kg7 42.Qa3 Rb7 43.Qa8 Qd7
44.Qa3 g4 45.Qd3 Qe8 46.h3 gxh3+ 47.Kxh3 Qg6 48.Qxg6+ hxg6 49.Rb4 Kf7 50.Kg4 Ke6
51.Kf3 Kd6 52.Ke2 Kc6 53.Kd2 Kb6 54.Kc1 Rc7+ 55.Kb2 Ka5 56.Rb3 b4 57.Rd3 Kb5
58.Rd1 Rc3 59.Ra1 Rd3 60.Ra8 Rd2+ 61.Kb3 Rxf2 62.Rc8 Rf3 63.Rc5+ Kb6 64.Rxd5 Rxe3+
65.Kxb4 Rxg3 66.Rd6+ Kc7 67.Rxf6  1/2-1/2

[Event "Beersheba"]
[Site "Beersheba"]
[Date "1987.??.??"]
[Round "?"]
[White "Greenfeld, Alon"]
[Black "Arnason, Jon L"]
[Result "0-1"]
[WhiteElo "2515"]
[BlackElo "2540"]

1.d4 Nf6 2.c4 e6 3.Nf3 b6 4.Nc3 Bb4 5.Bg5 Bb7 6.e3 h6 7.Bh4 Bxc3+ 8.bxc3 d6
9.Nd2 g5 10.Bg3 Nbd7 11.h4 Ke7 12.Rh2 Qg8 13.Be2 Qg6 14.Qa4 g4 15.O-O-O Nh5
16.Nf1 Rhd8 17.Bd3 Be4 18.Bxe4 Qxe4 19.Qb5 Ndf6 20.Nd2 Qd3 21.Nb1 Qg6 22.Bf4 g3
23.Bxg3 Nxg3 24.fxg3 Ng4 25.h5 Qe4 26.Rh4 Qxe3+ 27.Rd2 Nf2 28.Qc6 Qxg3 29.Qf3 Qxh4
30.Rxf2 f5 31.Nd2 Rf8 32.Re2 Kd7 33.Kb2 Rae8 34.Qb7 Qxh5 35.Nf3 Rb8 36.Qa6 f4
37.d5 e5 38.Qa4+ b5 39.cxb5 Rb6 40.c4 a6 41.Qa5 Qf5 42.Qc3 axb5 43.c5 Ra6
44.cxd6 cxd6 45.Nh4 Qf7 46.Rc2 Rfa8 47.Kb1 Qxd5 48.Qh3+ Kd8 49.Nf5  0-1

[Event "Beersheba"]
[Site "Beersheba"]
[Date "1987.??.??"]
[Round "?"]
[White "Farago, Ivan"]
[Black "Rechlis, Gad"]
[Result "0-1"]
[WhiteElo "2535"]
[BlackElo "2445"]

1.d4 e6 2.c4 Nf6 3.Nf3 b6 4.Nc3 Bb4 5.Bg5 Bb7 6.e3 h6 7.Bh4 Bxc3+ 8.bxc3 d6
9.Bd3 Nbd7 10.O-O Qe7 11.Nd2 g5 12.Bg3 h5 13.h4 Rg8 14.f3 O-O-O 15.hxg5 Rxg5
16.Bh4 Rg7 17.Rf2 Rdg8 18.Qa4 Kb8 19.e4 Qe8 20.c5 dxc5 21.Bb5 Qc8 22.e5 a6
23.exf6 axb5 24.Qxb5 Rg6 25.a4 e5 26.a5 exd4 27.axb6 Nxb6 28.Kh2 dxc3 29.Nf1 Qf5
30.g3 Rg4 31.Qe2 Rb4 32.Ne3 Qe5 33.f4 Qe4 34.Nc2 Rb2 35.Re1 Qxe2  0-1

[Event "AdW-Turnier"]
[Site "Berlin-Ost"]
[Date "1987.??.??"]
[Round "?"]
[White "Paehtz, Thomas Sr"]
[Black "Moehring, Guenther"]
[Result "1-0"]
[WhiteElo "2450"]
[BlackElo "2360"]

1.d4 Nf6 2.c4 e6 3.Nf3 b6 4.Nc3 Bb4 5.Bg5 Bb7 6.e3 h6 7.Bh4 g5 8.Bg3 Ne4
9.Qc2 Bxc3+ 10.bxc3 d6 11.Bd3 f5 12.d5 Nd7 13.Nd4 Ndc5 14.Be2 Qf6 15.Bh5+ Ke7
16.O-O-O f4 17.f3 fxg3 18.fxe4 Qf2 19.hxg3 Qxg3 20.Nf3 g4 21.Nh4 Qxe3+ 22.Kb2 Qxe4
23.Ng6+ Kd7 24.Qxe4 Nxe4 25.Rhe1 Nf6 26.dxe6+ Kc6 27.Nxh8 Nxh5 28.Nf7 Re8
29.Nxh6 Nf4 30.Nxg4 Bc8 31.Nf6 Rxe6 32.Rxe6 Bxe6 33.g4 Bxc4 34.Rd4 Nd3+ 35.Ka3 Ne5
36.g5 Bf7 37.Ng4 Nc4+ 38.Kb3 b5 39.Rf4 Be6 40.Nh6 Ne5+ 41.Kc2 Kd7 42.a3 c5
43.Rf6 Bd5 44.Kc1 Be4 45.Nf7  1-0

[Event "Steglitz-ch"]
[Site "Berlin-West"]
[Date "1987.??.??"]
[Round "?"]
[White "Breutigam, Martin"]
[Black "Holzapfel, Daniel"]
[Result "1/2-1/2"]
[WhiteElo "2275"]
[BlackElo "2255"]

1.d4 Nf6 2.Nf3 e6 3.c4 b6 4.Nc3 Bb7 5.a3 d5 6.cxd5 Nxd5 7.Qc2 c5 8.e4 Nxc3
9.bxc3 Nd7 10.Bd3 Qc7 11.Qb1 g6 12.h4 h6 13.O-O Bg7 14.Be3 O-O 15.Ra2 Rac8
16.a4 Rfd8 17.Rd2 cxd4 18.cxd4 Qd6 19.a5 Rc3 20.axb6 axb6 21.Rb2 Qa3 22.Ra2 Qb3
23.Rb2 Qa3 24.Ra2 Qb3 25.Qxb3 Rxb3 26.Ra7 Bc6 27.Rc1 Nb8 28.Bc4 Rb4 29.d5 exd5
30.exd5 Rxc4 31.Rxc4 Bxd5 32.Bxb6 Re8 33.Rc1 Nc6 34.Rd7 Bxf3 35.gxf3 Ne5
36.Rd8  1/2-1/2

[Event "Berlin op"]
[Site "Berlin-West"]
[Date "1987.??.??"]
[Round "?"]
[White "Mertins, Klaus"]
[Black "Welin, Thomas"]
[Result "0-1"]
[WhiteElo "2215"]
[BlackElo "2415"]

1.d4 Nf6 2.Nf3 b6 3.c4 e6 4.Nc3 Bb7 5.Bg5 h6 6.Bh4 Be7 7.e3 O-O 8.Bd3 c5
9.O-O d6 10.dxc5 bxc5 11.Rc1 Nbd7 12.Qe2 Qb6 13.Rfd1 Rfd8 14.b3 Nf8 15.Nd2 Rd7
16.Bg3 Rad8 17.Nde4 Ne8 18.Bb1 Bc6 19.f3 d5 20.cxd5 exd5 21.Nd2 Bf6 22.Bf2 Qb4
23.Qd3 Nc7 24.Qc2 Nce6 25.Nf1 g6 26.Ng3 Bg7 27.Nce2 Bb7 28.Qd2 Qa3 29.Rc2 d4
30.exd4 Bxd4 31.Qc1 Bb2 32.Rxd7 Bxc1 33.Rxd8 Nxd8 34.Bxc5 Qxc5+ 35.Rxc5 Be3+
36.Kf1 Bxc5  0-1

[Event "Bern"]
[Site "Bern"]
[Date "1987.??.??"]
[Round "?"]
[White "Costa, Jean Luc"]
[Black "Gast, Jonathan"]
[Result "0-1"]
[WhiteElo "2320"]
[BlackElo "2325"]

1.d4 Nf6 2.c4 e6 3.Nf3 b6 4.Nc3 Bb4 5.Bg5 Bb7 6.e3 h6 7.Bh4 g5 8.Bg3 Ne4
9.Qc2 Bxc3+ 10.bxc3 d6 11.Bd3 f5 12.d5 Qf6 13.Nd4 Nc5 14.h4 Nba6 15.Nxe6 Nxe6
16.dxe6 Ke7 17.Bxf5 Bxg2 18.hxg5 hxg5 19.Rxh8 Rxh8 20.O-O-O Bf3 21.Rd4 Nc5
22.e4 Rh1+ 23.Kb2 Re1 24.Ka3 Re2 25.Qb1 Bxe4 26.Bxe4 Rxe4 27.Qh1 Rxd4 28.Qh7+ Kxe6
29.cxd4 Qxd4 30.Qg6+ Kd7 31.Qf5+ Kc6  0-1

[Event "Biel schev"]
[Site "Biel"]
[Date "1987.??.??"]
[Round "?"]
[White "Huss, Andreas"]
[Black "Bellin, Jana"]
[Result "*"]
[WhiteElo "2375"]
[BlackElo "2340"]

1.d4 Nf6 2.c4 e6 3.Nf3 b6 4.Nc3 Bb4 5.Qc2 c5 6.a3 Bxc3+ 7.Qxc3 Bb7 8.e3 d6
9.Be2 Nbd7 10.O-O O-O 11.b4 Rc8 12.Bb2 Ne4 13.Qb3 Rc7 14.Rad1 Qa8 15.Ne1 d5
16.dxc5 bxc5 17.f3 Nef6 18.cxd5 exd5 19.bxc5 Nxc5 20.Qb4 Ncd7 21.Bd3 Qe8
22.Qf4 Qc8 23.Rf2 Rc6 24.Nc2 Qb8 25.Qxb8 Rxb8 26.Nd4 Rb6 27.Bc3 Ne5 28.Bf1 Bc8
29.Nb5 Ned7 30.Nxa7 Ba6 31.Bd4 Rb1 32.Rfd2 Bc4 33.Nc6 R8b3 34.Bxc4 dxc4 35.Bxf6 gxf6
36.Ne7+ Kf8 37.Rxd7 Rxd1+ 38.Rxd1 Kxe7 39.Rc1 Rd3 40.Rxc4 Rxa3 41.Rh4 Ra1+
42.Kf2 f5 43.Kg3 Kf6 44.Rxh7 Kg6  *

[Event "Budapest"]
[Site "Budapest"]
[Date "1987.??.??"]
[Round "6"]
[White "Conquest, Stuart"]
[Black "Zsinka, Laszlo"]
[Result "1/2-1/2"]
[WhiteElo "2445"]
[BlackElo "2320"]

1.d4 Nf6 2.c4 e6 3.Nf3 b6 4.Nc3 Bb4 5.Bg5 Bb7 6.e3 h6 7.Bh4 c5 8.dxc5 Bxc5
9.Be2 Be7 10.O-O a6 11.Nd4 O-O 12.Bf3 Ra7 13.Rc1 Nc6 14.Nxc6 Bxc6 15.Bxc6 dxc6
16.Qf3 Qa8 17.e4 c5 18.Rfe1 Rd8 19.Rcd1 Rd4 20.Rxd4 cxd4 21.Ne2 g5 22.Bg3 Qxe4
23.Qxe4 Nxe4 24.Nxd4 Nxg3 25.Nc6 Rc7 26.Nxe7+ Rxe7  1/2-1/2

[Event "Budapest"]
[Site "Budapest"]
[Date "1987.??.??"]
[Round "7"]
[White "Lukacs, Peter"]
[Black "Vegh, Endre"]
[Result "1-0"]
[WhiteElo "2500"]
[BlackElo "2375"]

1.d4 Nf6 2.c4 e6 3.Nf3 b6 4.Nc3 Bb4 5.e3 Bb7 6.Bd3 O-O 7.O-O c5 8.Na4 cxd4
9.a3 Be7 10.exd4 d6 11.Re1 Nbd7 12.Nc3 Re8 13.h3 a6 14.Bf4 Ra7 15.Bg3 Qa8
16.d5 exd5 17.cxd5 Nxd5 18.Ne4 N5f6 19.Nxd6 Bxd6 20.Bxd6 Rxe1+ 21.Nxe1 Ne4
22.Bf4 Bd5 23.Bc2 Nef6 24.Rc1 h6 25.f3 Qe8 26.Qd2 Ra8 27.Nd3 Rc8 28.Re1 Qd8
29.Ne5 Nf8 30.Bd3 Bb7 31.Bc4 Ne6 32.Nxf7 Qxd2 33.Nxh6+ Kh7 34.Bxd2 Rxc4 35.Rxe6 Rc2
36.Bg5 Bc8 37.Re1 Kg6 38.Bxf6 gxf6 39.Ng8 Kf7 40.Ne7 Be6 41.f4 f5 42.Ng6 Rxb2
43.Ne5+ Kf6 44.Re3 b5 45.g4 fxg4 46.hxg4 a5 47.Rh3 b4 48.axb4 axb4 49.Rh6+ Ke7
50.f5 Bd5 51.f6+ Ke6 52.f7+ Ke7 53.Rf6 Bxf7 54.Rxf7+ Ke6 55.Rf5 Re2 56.Nd3 Re3
57.Nf4+ Kd6 58.Kf2 Rc3 59.g5 b3 60.g6 Rc8 61.Rb5 Ke7 62.Rxb3 Kf6 63.Kf3 Rc6
64.Kg4 Rc4 65.Rb7 Ra4 66.Rf7+ Ke5 67.g7 Ra1 68.Rf5+  1-0

[Event "Budapest"]
[Site "Budapest"]
[Date "1987.??.??"]
[Round "8"]
[White "Zysk, Robert"]
[Black "Vegh, Endre"]
[Result "1/2-1/2"]
[WhiteElo "2425"]
[BlackElo "2375"]

1.d4 Nf6 2.Nf3 e6 3.c4 b6 4.Nc3 Bb7 5.e3 Bb4 6.Bd3 O-O 7.O-O c5 8.Qe2 cxd4
9.exd4 Re8 10.Bd2 Bf8 11.Bg5 d6 12.d5 e5 13.Qc2 h6 14.Bh4 Be7 15.Nd2 Nxd5
16.cxd5 Bxh4 17.Qa4 Be7 18.f4 Nd7 19.Bb5 Nc5 20.Qd1 Rf8  1/2-1/2

[Event "Budapest"]
[Site "Budapest"]
[Date "1987.??.??"]
[Round "10"]
[White "Zysk, Robert"]
[Black "Lau, Ralf"]
[Result "0-1"]
[WhiteElo "2425"]
[BlackElo "2535"]

1.d4 Nf6 2.Nf3 e6 3.c4 b6 4.Nc3 Bb7 5.Bg5 Be7 6.e3 h6 7.Bxf6 Bxf6 8.Bd3 d6
9.O-O O-O 10.Rc1 Nd7 11.a3 a6 12.b4 c5 13.Be4 Qc7 14.Qd3 Rfd8 15.Rfd1 Be7
16.bxc5 bxc5 17.Bxb7 Qxb7 18.Rb1 Qc7 19.d5 e5 20.Rb3 Rdb8 21.Rdb1 Rxb3 22.Rxb3 Rb8
23.Qb1 g6 24.g4 Rxb3 25.Qxb3 Qb6 26.Nd2 Qxb3 27.Nxb3 Nb6 28.Na5 Bd8 29.Ne4 Bc7
30.Kf1 Kg7 31.Ke2 f5 32.gxf5 gxf5 33.Ng3 Kf6 34.e4 Na4 35.Nb3 fxe4 36.Nxe4+ Kf5
37.f3 Nb2 38.Nbd2 Kf4 39.Kf2 Ba5 40.Nb3 Bc7 41.Ned2 Kf5 42.Kg2 Kf4 43.Kf2 h5
44.Nc1 h4 45.Ne2+ Kf5 46.Nc3 Ba5 47.Nce4 Bxd2 48.Nxd2 Kf4 49.Ke2 h3 50.Kf2 a5
51.Ke2 a4 52.Kf2 e4 53.fxe4 Nd3+ 54.Ke2 Ne5 55.Nb1 Nf3 56.Nc3 Nxh2 57.e5 Nf3
58.Kf2 Nxe5 59.Nxa4 Ng4+ 60.Kf1 Kg3 61.Nc3 h2 62.Ne4+ Kf4  0-1

[Event "Budel zt"]
[Site "Budel"]
[Date "1987.??.??"]
[Round "?"]
[White "Winants, Luc"]
[Black "Ligterink, Gert"]
[Result "1/2-1/2"]
[WhiteElo "2415"]
[BlackElo "2470"]

1.d4 Nf6 2.c4 e6 3.Nf3 b6 4.Nc3 Bb4 5.Bg5 Bb7 6.e3 h6 7.Bh4 c5 8.Rc1 cxd4
9.exd4 O-O 10.Bd3 Bxf3 11.Qxf3 Nc6 12.Qe3 Be7 13.Bb1 Rc8 14.O-O Re8 15.Qd3 Nb4
16.Qe2 d5 17.cxd5 Nfxd5 18.Nxd5 Nxd5 19.Bg3 Bg5 20.Rxc8 Qxc8 21.Qd3  1/2-1/2

[Event "Budel zt"]
[Site "Budel"]
[Date "1987.??.??"]
[Round "?"]
[White "Winants, Luc"]
[Black "Miralles, Gilles"]
[Result "1/2-1/2"]
[WhiteElo "2415"]
[BlackElo "2450"]

1.d4 Nf6 2.Nf3 e6 3.c4 b6 4.Nc3 Bb7 5.a3 d5 6.cxd5 exd5 7.g3 Be7 8.Qa4+ Nbd7
9.Bh3 O-O 10.O-O c5 11.Be3 Re8 12.Rad1 Bf8 13.Rd2 a6 14.Bg5 Qc7 15.Bf4 Bd6
16.Bxd6  1/2-1/2

[Event "Budel zt"]
[Site "Budel"]
[Date "1987.??.??"]
[Round "?"]
[White "Miralles, Gilles"]
[Black "Ligterink, Gert"]
[Result "0-1"]
[WhiteElo "2450"]
[BlackElo "2470"]

1.d4 Nf6 2.c4 e6 3.Nf3 b6 4.Nc3 Bb4 5.Bg5 h6 6.Bh4 Bb7 7.e3 Bxc3+ 8.bxc3 d6
9.Nd2 Nbd7 10.f3 Qe7 11.Be2 g5 12.Bf2 O-O-O 13.a4 a5 14.Qb3 e5 15.e4 Nh5
16.O-O-O f5 17.c5 dxc5 18.d5 Ndf6 19.Bb5 fxe4 20.fxe4 Rhf8 21.Rhf1 Nf4 22.g3 Nh3
23.Be1 Ng4 24.Rxf8 Qxf8 25.Nc4 Nhf2 26.Bxf2 Nxf2 27.Nxe5 Nxd1 28.Qxd1 Qf6
29.Qg4+ Kb8 30.Qe6 Qf2 31.Qe7 Qe1+ 32.Kb2 Qd2+ 33.Kb3 Qd1+ 34.Kb2 Rc8 35.Bd7 c4
36.Bxc8 Qd2+ 37.Kb1 Qd1+ 38.Kb2 Qb3+ 39.Kc1 Qxc3+ 40.Kd1 Bxc8 41.Ke2 Qc2+
42.Kf3 Qd1+ 43.Ke3 c3 44.Nc6+ Ka8 45.Qe8  0-1

[Event "Dortmund-B"]
[Site "Dortmund"]
[Date "1987.??.??"]
[Round "?"]
[White "Kohlweyer, Bernd"]
[Black "King, Daniel J"]
[Result "0-1"]
[WhiteElo "2330"]
[BlackElo "2475"]

1.d4 Nf6 2.c4 e6 3.Nf3 b6 4.Nc3 Bb4 5.Qb3 c5 6.a3 Ba5 7.Bg5 Nc6 8.e3 h6 9.Bh4 g5
10.Bg3 cxd4 11.Nxd4 Nxd4 12.exd4 Ne4 13.Bd3 Bxc3+ 14.bxc3 Nxg3 15.hxg3 Rb8
16.Qb5 Bb7 17.Qe5 f6 18.Qd6 Kf7 19.f4 g4 20.Kf2 Rc8 21.Rh4 f5 22.Rah1 Qc7
23.Qxc7 Rxc7 24.Rxh6 Rxh6 25.Rxh6 Kg7 26.Rh5 Ba6 27.Ke2 Bxc4 28.Kd2 Bd5 29.Bf1 Rc8
30.Kc2 a6 31.Kb2 b5 32.Kc2 Rb8 33.Kb2 a5 34.Rh1 Kg6 35.Kc2 b4 36.axb4 axb4
37.c4 b3+ 38.Kb2 Be4 39.Be2 Bxg2 40.Rc1 Bf3 41.Bxf3 gxf3 42.Rf1 Kh5 43.Rxf3 Kg4
44.Re3 Rb4 45.d5 Rxc4 46.dxe6 dxe6 47.Kxb3 Rc1 48.Kb2 Rc6 49.Kb1 Kh3 50.Kb2 Kg2
51.Kb1 Kf2 52.Rd3 Rc4  0-1